01350nam a2200325 a 4500001001200000003000800012006001900020007001500039008004100054020001800095020002700113040002100140035002100161043001200182050002400194100002900218245012700247260005100374300001500425490003300440504004100473533015200514650005600666650004900722650006200771655002900833710001700862856012600879999001901005ebr10440629CaPaEBRm u cr cn|||||||||110203s2010 cau sb 000 0 eng d z9780833051028 z9780833051028 (e-book) aCaPaEBRcCaPaEBR a(OCoLC)704520252 an-us---14aLC34.4b.M33 2010eb1 aMcCombs, Jennifer Sloan.14aThe power of data to improve after-school programs citywideh[electronic resource] /cJennifer Sloan McCombs ... [et al.]. aSanta Monica, Calif. :bRAND Education,c2010. axxv, 90 p.0 aHours of opportunity ;vv. 2 aIncludes bibliographical references. aElectronic reproduction.bPalo Alto, Calif. :cebrary,d2011.nAvailable via World Wide Web.nAccess may be limited to ebrary affiliated libraries. 0aAfter-school programszUnited StatesvCase studies. 0aSummer schoolszUnited StatesvCase studies. 0aSchool improvement programszUnited StatesvCase studies. 7aElectronic books.2local2 aebrary, Inc.40uhttp://site.ebrary.com/lib/rucke/Doc?id=10440629zAn electronic book accessible through the World Wide Web; click to view c134679d134679